000
00287nam a2200121Ia 4500
008
190216s9999||||xx |||||||||||||| ||und||
100
_a
Collins U H
245
0
_a
Second Book Of English
260
_b
Longman &green &co
_c
1958
300
_a
256
650
_a
English Stories
942
_c
BK
999
_c
11574
_d
11574